| 000 | 00512nam a2200193Ia 4500 | ||
|---|---|---|---|
| 005 | 20250923145253.0 | ||
| 008 | 008 250917s9999 xx 000 0 eng d | ||
| 037 | _aTextual | ||
| 040 |
_aDSWL _beng _cDSWL |
||
| 041 |
_aeng _2eng |
||
| 084 |
_aT4:8x2:g, N70 _qDSWL |
||
| 245 | 0 |
_aStudent Participation _cEd. by S.K. Chatterji |
|
| 260 |
_aMadras _bThe C.L.S. _c1970 |
||
| 300 | _axvi,90p. | ||
| 365 |
_aGBP _b2 |
||
| 925 | _g2 | ||
| 942 |
_cTEXL _hT4:8x2:g, N70 |
||
| 999 |
_c1449269 _d1449269 |
||